| 000 | 00484nam a22001817a 4500 | ||
|---|---|---|---|
| 003 | CEME | ||
| 005 | 20210628202325.0 | ||
| 008 | 210106b xxu||||| |||| 00| 0 eng d | ||
| 020 | _a9783659578342 | ||
| 040 | _c. | ||
| 082 | _a629.892 KAY | ||
| 100 |
_aSaheeb Ahmed Kayani _959340 |
||
| 245 | _aAutomated synthesis of mechatronic systems designs | ||
| 260 |
_aISLAMABAD _bLAMBERT _c2014 |
||
| 300 | _a59P | ||
| 650 |
_aBOND GRAPHD + GENETIC PROGRAMMING _959341 |
||
| 942 |
_cBK _2ddc |
||
| 999 |
_c569348 _d569348 |
||